| 000 | 00806nam a22002297a 4500 | ||
|---|---|---|---|
| 999 |
_c20599 _d20599 |
||
| 005 | 20200104041806.0 | ||
| 008 | 191114b xxu||||| |||| 00| 0 spa d | ||
| 040 |
_aCO-BoIAVH _cCO-BoIAVH |
||
| 041 | _aspa | ||
| 044 | _ack | ||
| 082 |
_a333.95416 _bD85g |
||
| 100 | _aDuarte Cubides, Ana Michelly | ||
| 245 | _aGuía práctica para el desarrollo de la zoocría legal y sostenible | ||
| 260 |
_aBogotá, D.C.: _bCorporación Autónoma Regional de Cundinamarca (CAR), _c2012. |
||
| 300 |
_a90 Páginas: _bilustraciones y fotografias, _c21 x 21 cm. |
||
| 650 | 0 | _aZoocría | |
| 650 | 0 |
_aFauna silvestre _xconsevación |
|
| 650 | 0 | _aDesarrollo sostenible | |
| 650 | 0 | _aAnálisis del impacto ambiental | |
| 700 | 1 | _aGómez Nuñez, Luis Harold | |
| 942 |
_2ddc _cLIBRO |
||